000 00827cam a22002773a 4500
001 3836
003 PGUSA
005 20140828083039.0
008 030301s2003||||xxu|||||s|||||000 1 eng d
040 _aPGUSA
_beng
042 _adc
050 4 _aPT
050 4 _aPZ
100 1 _aWyss, Johann David,
_d1743-1818
245 1 0 _aSwiss Family Robinson
_h[electronic resource] /
_cJohann David Wyss
260 _bProject Gutenberg,
_c2003
500 _aTranslation of Der schweizerische Robinson.
506 _aCopyrighted. Read the copyright notice inside this book for details.
516 _aElectronic text
653 _aSurvival -- Fiction
653 _aFamily life -- Fiction
653 _aIslands -- Fiction
830 0 _aProject Gutenberg
_v3836
856 4 0 _uhttp://www.gutenberg.org/ebooks/3836
942 _cEB
999 _c233165
_d233165